00610nam a2200193Ia 450000500170000000800410001702000240005804000190008204100120010108200160011310000170012924501110014626000450025730000090030250400190031165000320033065100440036285000100040620221125134244.0131103s9999 xx 000 0 und d a8170363683cRs. 320 aLoreto College aEnglish a954.03bOMV aOmvedt, Gail aDalits and the democratic revolutionb Dr. Ambedkar and the dalit movement in colonial India cGail Omvedt aNew DelhibSage Publications Indiac1994 a348p aIncludes index aIndia- History-20th century aUntouchables-India-Political Activity  aLCLIB